| 000 | 01009nam a2200265 i 4500 | ||
|---|---|---|---|
| 001 | 181643 | ||
| 003 | ES-MaACL | ||
| 005 | 20250824085121.0 | ||
| 008 | 130227s1978 sp r |||| | spa d | ||
| 020 | _a84-400-3918-2 | ||
| 080 | _a351.755.61(46)"17/18" | ||
| 080 | _a92(46):359 | ||
| 080 | _a359:92(46) | ||
| 245 | 0 | 0 |
_aAntiguos pasaportes de la Real Armada : _blos publica la Sociedad de Bibliófilos Españoles ; con una introducción por... Enrique Barbudo Duarte. |
| 260 |
_aMadrid : _bSociedad de Bibliófilos Españoles, _c1978. |
||
| 300 |
_aXVI p., 95 h. ; _c26 cm. |
||
| 490 | 1 |
_aSociedad de Bibliófilos Españoles. Tercera época ; _v10 |
|
| 650 | 4 |
_aPasaportes- _zEspaña- _vHistoria. _9152398 |
|
| 650 | 4 |
_aMarinos- _zEspaña. _9147910 |
|
| 700 | 1 |
_aBarbudo Duarte, Enrique. _925485 |
|
| 710 | 2 |
_aSociedad de Bibliófilos Españoles. _96661 |
|
| 830 | 1 | 0 |
_aSociedad de Bibliófilos Españoles. Tercera época _v10 _9191518 |
| 852 | 4 |
_aES-MaACL _jJ-7(III-10) |
|
| 999 |
_c181643 _d181643 |
||